000 00644nam a2200265Ia 4500
005 20260121161427.0
008 008 260114s9999 xx 000 0 eng d
020 _a9781003058731
037 _aEBOOK
040 _aCRL
040 _beng
040 _cCRL
041 _2eng
041 _aeng
084 _qCRL
100 _aEmotion and Social Judgements
_91044627
245 0 _aJoseph P. Forgas
260 _bTaylor and Francis
260 _c1991
650 _aPsychological Science
_91044628
856 _uhttp://www.taylorfrancis.com/books/9781003058731
942 _cEBOOK
999 _c1610721
_d1610721